Cezhraničné fungovanie správcu úverov (§ 15)

Právna úprava činnosti slovenského správcu úverov v inom členskom štáte je zrkadlovým odrazom právnej úpravy obsiahnutej v § 14 ZoSÚ. Odkazujeme tu na komentár k tomuto ustanoveniu. V ďalšom texte sa zameriame iba na odlišnosti od prípadu, keď zahraničný správca úverov chce vykonávať činnosť správy...

Description complète

Enregistré dans:
Détails bibliographiques
Auteur principal: Winkler, Martin, 1975-
Format: Chapitre de livre
Langue:slovaque
Sujets:
Tags: Ajouter un tag
Pas de tags, Soyez le premier à ajouter un tag!

MARC

LEADER 00000naa$a2200000$$$4500
001 0314607
005 20260205102930.8
041 0 |a slo 
044 |a CZ 
245 1 0 |a Cezhraničné fungovanie správcu úverov (§ 15)  |c Martin Winkler 
520 |a Právna úprava činnosti slovenského správcu úverov v inom členskom štáte je zrkadlovým odrazom právnej úpravy obsiahnutej v § 14 ZoSÚ. Odkazujeme tu na komentár k tomuto ustanoveniu. V ďalšom texte sa zameriame iba na odlišnosti od prípadu, keď zahraničný správca úverov chce vykonávať činnosť správy úverov v Slovenskej republike. 
610 2 0 |a právo 
610 2 0 |a normy právne 
610 2 0 |a úver 
610 2 0 |a úpravy právne 
610 2 0 |a zákony 
100 1 |a Winkler, Martin, 1975-